000 00918nam a2200241Ia 4500
003 OSt
005 20220923211057.0
006 a|||||r|||| 00| 0
007 ta
008 Pun
020 _a8177700871 (hbk)
_c100
024 _a238,896
037 _b236, 17/12/2008, N. R. Book Distributors
_cTextual
040 _aARTS
_cARTS
_bPun
041 _2Pun
_aPun
082 _aAw, 153P3
100 _aਭੰਡਾਲ, ਗੁਰਬਖF ਸਿੰਘ; ਥਿੰਦ, ਕੁਲਵੰਤ ਸਿੰਘ
_9157917
245 0 _aਵਿਗਿਆਨ ਦੇ ਪਾਂਧੀ
260 _aਅੰਮ੍ਰਿਤਸਰ
_b ਗੁਰੂ ਨਾਨਕ ਦੇਵ ਯੂਨੀਵਰਸਿਟੀ
_c2003
300 _a75ਪੰ
_ccm.
942 _hAw, 153P3
_cTEXL
_2CC
999 _c294874
_d294874